Vývoj cestovného ruchu na Slovensku od roku 1997-VIII.2007

Analýza vývoja cestovného ruchu na Slovensku za posledných 10 rokov. Prehľad základných makroekonomických ukazovateľov za jednotlivé roky.

Gespeichert in:
Bibliographische Detailangaben
1. Verfasser: Žembová, Zuzana
Format: Buchkapitel
Sprache:Slowakisch
Schlagworte:
Tags: Tag hinzufügen
Keine Tags, Fügen Sie das erste Tag hinzu!

MARC

LEADER 00000naa$a2200000$$$4500
001 0088417
005 20240502072006.2
041 0 |a slo 
044 |a SK 
245 1 0 |a Vývoj cestovného ruchu na Slovensku od roku 1997-VIII.2007  |c Zuzana Žembová 
520 |a Analýza vývoja cestovného ruchu na Slovensku za posledných 10 rokov. Prehľad základných makroekonomických ukazovateľov za jednotlivé roky. 
610 2 0 |a ukazovatele makroekonomické 
610 2 0 |a Slovensko 
610 2 0 |a analýza ekonomická 
610 2 0 |a ruch cestovný 
100 1 |a Žembová, Zuzana